000 00822nam a22002297a 4500
999 _c18638
_d18638
003 AR-CdUCM
008 190514b ||||| |||| 00| 0 spa d
040 _aMUNICIPALIDAD PROVINCIAL DEL CUSCO
_cBIBLIOTECA MUNICIPAL DEL CUSCO
082 _a951.03 /
_bC70
100 _aTrotski, León
_939348
245 _aLa revolución China /
260 _aMéxico :
_bGrijalbo,
_c1970.
300 _a158 páginas ;
_c19 cm.
440 _aColección 70
_n89
_939349
505 _aContenido : Naturaleza de la burguesía colonial -- Las etapas de la revolución china -- ¿Dictadura democrática o dictadura del proletariado? ...
650 _aProletariado
_94333
650 _aRevolución
_9844
650 _aChina
_9843
700 _aMarfá Puig, Jorge (Traducción)
_939350
942 _2ddc
_cLIBROS
945 _arah
_d2019/05/14